Тест на общие знания №3 - Statistics

General Stats
  • This quiz has been taken 84 times
  • The average score is 6 of 20
Answer Stats
Вопрос Ответ % Correct
Какая существует основная тригонометрическая функция, помимо синуса и косинуса? тангенс
95%
Что совершают правоверные мусульмане пять раз в день? намаз
91%
Назовите антоним слова "антоним" синоним
81%
Какое звание в российской полиции стоит между капитаном и подполковником? майор
70%
Этот овощ изначально был фиолетовым, но из-за вмешательства селекционеров сейчас он оранжевый морковь
55%
Каким транспортным средством был "Гинденбург", потерпевший крушение в 1937-м году? дирижабль
33%
Кто правит при милитократии? военные
31%
Аккаунт какого человека в Твиттер/Х - @pontifex? Папа Римский
20%
Каких животных боялся Индиана Джонс? змеи
20%
Какой термин, появившийся во время Второй мировой войны, переводится с японского как "божественный ветер"? камикадзе
20%
В честь какой пьесы Уильяма Шекспира названа повесть Николая Лескова о купчихе, убившей свёкра и племянника? "Макбет"
17%
Какая приставка соответствует 10⁹? гига
17%
Чем занимается сомелье? дегустация алкоголя
17%
Какой актёр стал известен тем, что сыграл ярого нациста в фильме 2009-го года и ярого анти-нациста в фильме 2013-го года, и за обе роли получил "Оскар"? Кристоф Вальц
16%
Главный герой какой серии фильмов представился в одной из сцен как "Дарт Вейдер с планеты Вулкан"? "Назад в Будущее"
11%
Какой известный человек родился в Танзании, вырос в Индии и умер в Великобритании? Фредди Меркьюри
11%
В каком американском штате происходят события большинства книг Стивена Кинга? Мэн
9%
Что означает "modus operandi" в переводе с латинского? образ действия
6%
У России их 3, у США - 13, у Малайзии - 14. Что это? полосы на флаге
5%
В каком городе находилось самое высокое здание в XIX веке? Чикаго
5%
No matching quizzes found
Score Distribution
Percent of People with Each Score
Percentile by Number Answered
Your Score History
You have not taken this quiz